000 00380nam a2200133Ia 4500
008 100328s9999 xx 000 0 und d
082 _b38950
100 _aमंगेशकर गीता
245 _aस्वप्नझुला
260 _bप्रिया
630 _aस्वप्नझुला
730 _aस्वप्नझुला
942 _cBOOK
999 _c528019
_d528016